[Event "BCF-chT2 1718 (4NCL) Demotion pool"]
[Site "England"]
[Date "2018.05.05"]
[Round "9.81"]
[White "Coleman, David"]
[Black "Stepanyan, Henrik"]
[Result "1/2-1/2"]
[WhiteElo "2060"]
[BlackElo "2267"]
[PlyCount "82"]
[EventDate "2017.11.11"]
[EventType "team-tourn"]
[EventRounds "11"]
[EventCountry "ENG"]
[SourceTitle "EXT 2020"]
[Source "ChessBase"]
[SourceDate "2019.10.17"]
[SourceVersion "1"]
[SourceVersionDate "2019.10.17"]
[SourceQuality "1"]
[WhiteTeam "Barbican Youth"]
[BlackTeam "Warwicks Select"]
[WhiteTeamCountry "ENG"]
[BlackTeamCountry "ENG"]

1. e4 e5 2. Nf3 Nc6 3. d4 exd4 4. Bc4 Nf6 5. e5 d5 6. Bb5 Ne4 7. Nxd4 Bd7 8. Bxc6 bxc6 9. 0-0 Bc5 10. f3 Ng5 11. Be3 Bb6 12. f4 Ne4 13. Nd2 Nxd2 14. Qxd2 c5 15. Nf3 d4 16. Bf2 Bc6 17. Bh4 Qd7 18. f5 Qxf5 19. Nxd4 Qd7 20. Nf3 c4+ 21. Bf2 Qxd2 22. Nxd2 Bd5 23. b3 0-0 24. Nxc4 Bxc4 25. bxc4 Bxf2+ 26. Kxf2 Rfe8 27. Rfe1 Rab8 28. Rab1 Kf8 29. Rb3 Ke7 30. Reb1 Rb6 31. Rxb6 axb6 32. c5 bxc5 33. Rb5 Ra8 34. Rxc5 Kd7 35. h4 Rxa2 36. h5 Ra4 37. Kf3 h6 38. g4 Rb4 39. c3 Ra4 40. Kg3 Re4 41. Kf3 Ra4 1/2-1/2

[Event "Reykjavik op"]
[Site "Reykjavik"]
[Date "2018.03.11"]
[Round "6"]
[White "Coleman, David"]
[Black "Halldorsson, Haukur"]
[Result "1-0"]
[WhiteElo "2107"]
[BlackElo "1569"]
[PlyCount "39"]
[EventDate "2018.03.06"]
[EventType "swiss"]
[EventRounds "9"]
[EventCountry "ISL"]
[SourceTitle "CBM 183 Extra"]
[Source "ChessBase"]
[SourceDate "2018.04.19"]
[SourceVersion "1"]
[SourceVersionDate "2018.04.19"]
[SourceQuality "1"]

1. e4 c6 2. d4 d5 3. exd5 cxd5 4. c4 dxc4 5. Bxc4 e6 6. Nf3 Nf6 7. 0-0 Nc6 8. Nc3 Be7 9. Be3 0-0 10. Qe2 a6 11. Rad1 Qc7 12. Bd3 Rd8 13. Bb1 Nd5 14. Bc1 Nf6 15. Rfe1 b5 16. Bg5 Nd5 17. Nxd5 Rxd5 18. Qc2 Bxg5 19. Qxh7+ Kf8 20. Be4 1-0

[Event "Gibraltar Masters 16th"]
[Site "Caleta"]
[Date "2018.02.01"]
[Round "10"]
[White "Coleman, David"]
[Black "Semprun Martinez, Fernando M"]
[Result "1-0"]
[WhiteElo "2055"]
[BlackElo "2209"]
[PlyCount "143"]
[EventDate "2018.01.23"]
[EventType "swiss"]
[EventRounds "10"]
[EventCountry "GGB"]
[SourceTitle "CBM 183"]
[Source "ChessBase"]
[SourceDate "2018.03.14"]
[SourceVersion "1"]
[SourceVersionDate "2018.03.14"]
[SourceQuality "1"]

1. e4 c5 2. Nf3 Nc6 3. d4 cxd4 4. Nxd4 Nf6 5. Nc3 e5 6. Ndb5 d6 7. Bg5 a6 8. Na3 b5 9. Bxf6 gxf6 10. Nd5 Bg7 11. c3 f5 12. exf5 Bxf5 13. Nc2 0-0 14. Nce3 Be6 15. g4 b4 16. Bg2 bxc3 17. bxc3 Rc8 18. Be4 Ne7 19. Nxe7+ Qxe7 20. Qd3 Qh4 21. c4 h5 22. h3 Bh6 23. Rg1 Kh8 24. Nf5 Bxf5 25. Bxf5 Rcd8 26. Be4 Rg8 27. Qf3 Rg7 28. Rb1 Rdg8 29. Qf5 Qg5 30. Qxg5 Rxg5 31. f3 hxg4 32. hxg4 Rh5 33. Rb2 Be3 34. Rgg2 Rh1+ 35. Ke2 Bg5 36. Rb7 f6 37. Kd3 Rc8 38. Rc2 Rc5 39. Rb8+ Kg7 40. Rb7+ Kf8 41. Rcb2 f5 42. gxf5 Rc8 43. Bd5 e4+ 44. fxe4 Rh3+ 45. Kc2 Rh2+ 46. Kb3 Rxb2+ 47. Kxb2 Bf6+ 48. Kc2 Be5 49. Rb6 a5 50. Rb5 a4 51. Rb7 Rc5 52. a3 Ke8 53. Ra7 Rc8 54. Rxa4 Ke7 55. Ra8 Rc7 56. a4 Kf6 57. Rg8 Rh7 58. Rg6+ Ke7 59. Re6+ Kd7 60. Rxe5 dxe5 61. f6 Rh3 62. Kb2 Rf3 63. f7 Kd6 64. a5 Kc5 65. Ka2 Rf1 66. Ka3 Ra1+ 67. Kb2 Rf1 68. Be6 Rf6 69. Kb3 Rf1 70. a6 Rb1+ 71. Kc2 Rb8 72. a7 1-0

[Event "Gibraltar Challengers-A"]
[Site "Caleta"]
[Date "2018.01.26"]
[Round "5"]
[White "Coleman, David"]
[Black "Livesey, R Nigel"]
[Result "1-0"]
[WhiteElo "2055"]
[BlackElo "1750"]
[PlyCount "79"]
[EventDate "2018.01.22"]
[EventType "swiss"]
[EventRounds "5"]
[EventCountry "GGB"]
[SourceTitle "EXT 2019"]
[Source "ChessBase"]
[SourceDate "2018.10.10"]
[SourceVersion "1"]
[SourceVersionDate "2018.10.10"]
[SourceQuality "1"]

1. e4 c6 2. d4 d5 3. exd5 cxd5 4. c4 Nf6 5. Nc3 e6 6. Nf3 Be7 7. cxd5 Nxd5 8. Bd3 Nc6 9. 0-0 Bf6 10. Be4 0-0 11. a3 a6 12. Qc2 g6 13. Rd1 Qd6 14. Qe2 b5 15. Bc2 Bb7 16. Ne4 Qd7 17. Nxf6+ Nxf6 18. Bh6 Rfd8 19. Bg5 Ne8 20. Bxd8 Rxd8 21. Be4 Nf6 22. Ne5 Qe8 23. Bxc6 Bxc6 24. Nxc6 Qxc6 25. Rac1 Qd7 26. Qc2 Nd5 27. Qc6 Qa7 28. Rc5 Kg7 29. g3 Rd7 30. b4 Kg8 31. Qc8+ Kg7 32. Rdc1 Ne7 33. Qe8 Qb7 34. h4 h5 35. Rc8 Nxc8 36. Rxc8 Kf6 37. Qh8+ Ke7 38. Re8+ Kd6 39. Qe5+ Kc6 40. Qc5# 1-0

[Event "Gibraltar Challengers-A"]
[Site "Caleta"]
[Date "2018.01.25"]
[Round "4"]
[White "Sousa, Ludy Helsio Paulo"]
[Black "Coleman, David"]
[Result "1/2-1/2"]
[WhiteElo "2153"]
[BlackElo "2055"]
[PlyCount "113"]
[EventDate "2018.01.22"]
[EventType "swiss"]
[EventRounds "5"]
[EventCountry "GGB"]
[SourceTitle "EXT 2019"]
[Source "ChessBase"]
[SourceDate "2018.10.10"]
[SourceVersion "1"]
[SourceVersionDate "2018.10.10"]
[SourceQuality "1"]

1. e4 c5 2. Nf3 d6 3. d4 cxd4 4. Nxd4 Nf6 5. Nc3 a6 6. Bg5 e6 7. f4 Be7 8. Qf3 Qc7 9. 0-0-0 Nbd7 10. g4 b5 11. Bxf6 Nxf6 12. g5 Nd7 13. f5 0-0 14. Rg1 b4 15. Nce2 e5 16. f6 exd4 17. fxe7 Re8 18. Nf4 Ne5 19. Qh5 Bb7 20. Nd5 Bxd5 21. exd5 Rac8 22. Rg2 Rxe7 23. Rxd4 Qc5 24. Rgd2 Nf3 25. Qxf3 Re1+ 26. Qd1 Rxd1+ 27. Kxd1 Qa5 28. Bc4 Re8 29. Re2 Rxe2 30. Kxe2 Qb6 31. Kd3 a5 32. h4 g6 33. Bb3 h6 34. c3 bxc3 35. bxc3 hxg5 36. hxg5 Kg7 37. Ke4 Qd8 38. Kf4 f6 39. gxf6+ Qxf6+ 40. Ke3 g5 41. Bd1 Qe5+ 42. Kd3 Qe1 43. Kc2 Kf6 44. a4 Ke5 45. Bg4 Qa1 46. Be6 Qa2+ 47. Kd3 Qb1+ 48. Kd2 Qb2+ 49. Kd3 Qb1+ 50. Kc4 Qf1+ 51. Kb3 Qb1+ 52. Ka3 Qa1+ 53. Kb3 Qb1+ 54. Kc4 Qf1+ 55. Kb3 Qb1+ 56. Kc4 Qf1+ 57. Kb3 1/2-1/2

[Event "Gibraltar Masters 16th"]
[Site "Caleta"]
[Date "2018.01.24"]
[Round "2"]
[White "Coleman, David"]
[Black "Lopez Mulet, Inigo"]
[Result "0-1"]
[WhiteElo "2055"]
[BlackElo "2318"]
[PlyCount "46"]
[EventDate "2018.01.23"]
[EventType "swiss"]
[EventRounds "10"]
[EventCountry "GGB"]
[SourceTitle "CBM 183"]
[Source "ChessBase"]
[SourceDate "2018.03.14"]
[SourceVersion "1"]
[SourceVersionDate "2018.03.14"]
[SourceQuality "1"]

1. e4 e6 2. d4 d5 3. Nc3 Nf6 4. Bg5 Bb4 5. e5 h6 6. Be3 Ne4 7. Qg4 g5 8. a3 Bxc3+ 9. bxc3 c5 10. Bd3 h5 11. Qf3 Nxc3 12. dxc5 d4 13. Bd2 Nc6 14. Qf6 Qxf6 15. exf6 Na4 16. Bxg5 Nxc5 17. Nf3 a6 18. 0-0-0 b5 19. Rhe1 Bb7 20. g3 Rc8 21. Ng1 b4 22. axb4 Nxb4 23. Kd2 Ncxd3 0-1

[Event "Hastings Masters op 93rd"]
[Site "Hastings"]
[Date "2018.01.03"]
[Round "7"]
[White "Coleman, David"]
[Black "Pitschka, Claus"]
[Result "1/2-1/2"]
[WhiteElo "2076"]
[BlackElo "2249"]
[PlyCount "91"]
[EventDate "2017.12.28"]
[EventType "swiss"]
[EventRounds "9"]
[EventCountry "ENG"]
[SourceTitle "CBM 182 Extra"]
[Source "ChessBase"]
[SourceDate "2018.02.23"]
[SourceVersion "1"]
[SourceVersionDate "2018.02.23"]
[SourceQuality "1"]

1. e4 Nf6 2. e5 Nd5 3. c4 Nb6 4. d4 d6 5. f4 dxe5 6. fxe5 Nc6 7. Be3 Bf5 8. Nc3 e6 9. Nf3 Bb4 10. Qd2 Na5 11. b3 c5 12. Be2 Nc6 13. a3 cxd4 14. Nxd4 Nxd4 15. Qxd4 Be7 16. Nb5 0-0 17. 0-0 Qxd4 18. Bxd4 Rfd8 19. b4 Nd7 20. c5 f6 21. exf6 Nxf6 22. Bc4 Kh8 23. Rad1 Bg4 24. Rde1 a6 25. Bxf6 Bxf6 26. Nc7 Rac8 27. Nxe6 Rd2 28. h3 Bxe6 29. Rxe6 Rcd8 30. Rfe1 h6 31. Re8+ Rxe8 32. Rxe8+ Kh7 33. Be2 Bd4+ 34. Kf1 a5 35. Rd8 Bc3 36. Rxd2 Bxd2 37. bxa5 Be3 38. a6 Bxc5 39. axb7 Ba7 40. Ke1 Kg6 41. Kd2 Kf5 42. Kd3 Ke6 43. Kc4 Kd7 44. b8Q Bxb8 45. Kb5 Bd6 46. a4 1/2-1/2

[Event "Hastings Masters op 93rd"]
[Site "Hastings"]
[Date "2017.12.28"]
[Round "1"]
[White "Dempsey, John"]
[Black "Coleman, David"]
[Result "1-0"]
[WhiteElo "1911"]
[BlackElo "2076"]
[PlyCount "74"]
[EventDate "2017.12.28"]
[EventType "swiss"]
[EventRounds "9"]
[EventCountry "ENG"]
[SourceTitle "CBM 182 Extra"]
[Source "ChessBase"]
[SourceDate "2018.02.23"]
[SourceVersion "1"]
[SourceVersionDate "2018.02.23"]
[SourceQuality "1"]

1. e4 c5 2. Nf3 d6 3. Bb5+ Bd7 4. Bxd7+ Qxd7 5. 0-0 Nc6 6. c3 Nf6 7. Re1 e6 8. d4 cxd4 9. cxd4 d5 10. e5 Ne4 11. Nc3 Nxc3 12. bxc3 Be7 13. Qe2 Rc8 14. Bg5 h6 15. Bxe7 Nxe7 16. Rac1 0-0 17. h4 Rc6 18. h5 Qc7 19. Qd2 b5 20. g4 Rc8 21. Re3 b4 22. Nh4 Rxc3 23. Rexc3 bxc3 24. Qe3 c2 25. g5 Qc3 26. gxh6 Qxe3 27. fxe3 Rc3 28. Kf2 Nc6 29. Ke2 Nb4 30. Kd2 Rd3+ 31. Ke2 Ra3 32. Nf3 Rxa2 33. Ne1 Rb2 34. Kd2 a5 35. Nd3 Nxd3 36. Kxd3 Kh7 37. hxg7 Kxg7 1-0

[Event "London Classic op"]
[Site "London"]
[Date "2017.12.09"]
[Round "9"]
[White "Coleman, David"]
[Black "Balaji, Aaravamudhan"]
[Result "1-0"]
[WhiteElo "2076"]
[BlackElo "1884"]
[PlyCount "85"]
[EventDate "2017.12.02"]
[EventType "swiss"]
[EventRounds "9"]
[EventCountry "ENG"]
[SourceTitle "CBM 182 Extra"]
[Source "ChessBase"]
[SourceDate "2018.02.23"]
[SourceVersion "1"]
[SourceVersionDate "2018.02.23"]
[SourceQuality "1"]

1. e4 e5 2. Nf3 Nc6 3. d4 exd4 4. Bc4 Bc5 5. c3 Nf6 6. e5 d5 7. Be2 Ne4 8. cxd4 Bb6 9. 0-0 0-0 10. Nc3 Bg4 11. Be3 Nxc3 12. bxc3 Ne7 13. Qc2 Ng6 14. h3 Bxf3 15. Bxf3 Nh4 16. Be2 f5 17. f4 Qe7 18. Bd3 c5 19. g3 c4 20. Be2 Ng6 21. Bf3 Qe6 22. Rfb1 Ne7 23. a4 Qc6 24. Bc1 Rf7 25. Ba3 g5 26. Bxe7 Rxe7 27. Rb5 Rd8 28. Qxf5 a6 29. Qxg5+ Rg7 30. Qxd8+ Bxd8 31. Bxd5+ Kf8 32. Bxc6 axb5 33. Bf3 Rxg3+ 34. Kf2 Bh4 35. axb5 Rxh3+ 36. Ke3 Rh2 37. Ra8+ Kg7 38. Ra7 Rc2 39. Rxb7+ Kf8 40. Rxh7 Rxc3+ 41. Ke2 Bd8 42. f5 Bb6 43. e6 1-0

[Event "BCF-chT2a 1718 (4NCL)"]
[Site "England"]
[Date "2017.11.11"]
[Round "1.44"]
[White "Guthrie, David"]
[Black "Coleman, David"]
[Result "1-0"]
[WhiteElo "2174"]
[BlackElo "2093"]
[PlyCount "95"]
[EventDate "2017.11.11"]
[EventType "team-tourn"]
[EventRounds "7"]
[EventCountry "ENG"]
[SourceTitle "EXT 2020"]
[Source "ChessBase"]
[SourceDate "2019.10.17"]
[SourceVersion "1"]
[SourceVersionDate "2019.10.17"]
[SourceQuality "1"]
[WhiteTeam "Kings Head"]
[BlackTeam "Barbican Youth"]
[WhiteTeamCountry "ENG"]
[BlackTeamCountry "ENG"]

1. d4 Nf6 2. c4 Nc6 3. Nf3 e6 4. a3 d6 5. Nc3 g6 6. e4 Bg7 7. h3 0-0 8. Bg5 h6 9. Be3 a6 10. Qd2 e5 11. d5 Na5 12. Qc2 b6 13. b4 Nb7 14. g4 a5 15. Rc1 axb4 16. axb4 Bd7 17. Nd2 Nh7 18. Bg2 Ra3 19. Nb5 Ra8 20. Nf1 Nf6 21. Ng3 Ne8 22. Qd2 Kh7 23. 0-0 Nf6 24. f4 Ne8 25. Rf3 f6 26. Rff1 Ra4 27. f5 g5 28. Qb2 Bxb5 29. cxb5 Qd7 30. Ra1 Qxb5 31. Rxa4 Qxa4 32. Ra1 Qd7 33. Ra7 Nd8 34. Bxb6 Qb5 35. Bf2 c6 36. Bf1 Qb8 37. Nh5 c5 38. Re7 cxb4 39. Ba7 Qc8 40. Qxb4 Rf7 41. Rxe8 Rxa7 42. Nxg7 Ra1 43. Qb6 Rxf1+ 44. Kxf1 Qc4+ 45. Kg1 Qc1+ 46. Kg2 Qc2+ 47. Qf2 Qxe4+ 48. Kh2 1-0

[Event "Coventry 4NCL op-A 16th"]
[Site "Coventry"]
[Date "2017.11.03"]
[Round "1"]
[White "Williams, Simon Kim"]
[Black "Coleman, David"]
[Result "1-0"]
[WhiteElo "2437"]
[BlackElo "2093"]
[PlyCount "41"]
[EventDate "2017.11.03"]
[EventType "swiss"]
[EventRounds "5"]
[EventCountry "ENG"]
[SourceTitle "CBM 181 Extra"]
[Source "ChessBase"]
[SourceDate "2017.12.12"]
[SourceVersion "1"]
[SourceVersionDate "2017.12.12"]
[SourceQuality "1"]

1. d4 Nf6 2. Bf4 g6 3. Nc3 d5 4. e3 Bg7 5. Be2 0-0 6. Nf3 Bg4 7. h3 Bxf3 8. Bxf3 c6 9. 0-0 Nbd7 10. g4 Nb6 11. Bg3 Nfd7 12. e4 dxe4 13. Nxe4 e5 14. dxe5 Nxe5 15. Bg2 Nd5 16. g5 Qb6 17. Nf6+ Nxf6 18. gxf6 Rfd8 19. Qe1 Bxf6 20. Bxe5 Re8 21. Bxf6 1-0

[Event "Doncaster 4NCL op-A 15th"]
[Site "Doncaster"]
[Date "2017.09.09"]
[Round "2"]
[White "Coleman, David"]
[Black "Moore, Gerald C"]
[Result "1/2-1/2"]
[WhiteElo "2118"]
[BlackElo "2062"]
[PlyCount "76"]
[EventDate "2017.09.08"]
[EventType "swiss"]
[EventRounds "5"]
[EventCountry "ENG"]
[SourceTitle "CBM 180 Extra"]
[Source "ChessBase"]
[SourceDate "2017.10.06"]
[SourceVersion "1"]
[SourceVersionDate "2017.10.06"]
[SourceQuality "1"]

1. e4 g6 2. d4 Bg7 3. Nc3 d6 4. f4 Nf6 5. Nf3 0-0 6. Be3 Nbd7 7. Qd2 c5 8. 0-0-0 Ng4 9. Bg1 cxd4 10. Nxd4 e5 11. Nde2 exf4 12. Nxf4 Qa5 13. Bd4 Ndf6 14. Kb1 b6 15. h3 Ne5 16. Qf2 Bb7 17. Bd3 b5 18. a3 b4 19. axb4 Qxb4 20. Na2 Qa5 21. Bc3 Qc7 22. Rhe1 a5 23. g4 Nfd7 24. Bd4 Nxd3 25. Rxd3 Nc5 26. Rc3 Bxd4 27. Qxd4 Qe7 28. Nd5 Bxd5 29. Qxd5 Rab8 30. e5 Na4 31. Rb3 dxe5 32. Qxe5 Qxe5 33. Rxe5 Rxb3 34. cxb3 Nb6 35. Kc2 f5 36. gxf5 Rxf5 37. Rxf5 gxf5 38. b4 axb4 1/2-1/2

[Event "GBR-ch 104th"]
[Site "Llandudno"]
[Date "2017.08.03"]
[Round "6"]
[White "Longson, Sarah N"]
[Black "Coleman, David"]
[Result "1/2-1/2"]
[WhiteElo "2074"]
[BlackElo "2135"]
[PlyCount "61"]
[EventDate "2017.07.29"]
[EventType "swiss"]
[EventRounds "9"]
[EventCountry "WLS"]
[SourceTitle "CBM 179 Extra"]
[Source "ChessBase"]
[SourceDate "2017.08.23"]
[SourceVersion "1"]
[SourceVersionDate "2017.08.23"]
[SourceQuality "1"]

1. e4 c5 2. Nf3 d6 3. d4 cxd4 4. Nxd4 Nf6 5. Nc3 a6 6. h3 e6 7. a4 Nc6 8. Be3 Qc7 9. f4 Be7 10. Nb3 b6 11. Be2 Rb8 12. 0-0 Nb4 13. Bf3 Bb7 14. Bd4 e5 15. Bf2 0-0 16. Qd2 Rfd8 17. Nd5 Nbxd5 18. exd5 e4 19. Be2 Nxd5 20. Rfe1 Bf6 21. c3 Re8 22. Bf1 g6 23. Rad1 Rbd8 24. Qc1 Ne7 25. Qe3 Nc8 26. g4 d5 27. Nd4 Be7 28. f5 Bd6 29. Ne2 Bc6 30. Bh4 Be7 31. Bg3 1/2-1/2

[Event "London Classic Super rapid 8th"]
[Site "London"]
[Date "2016.12.17"]
[Round "3"]
[White "Shabalov, Alexander"]
[Black "Coleman, David"]
[Result "1-0"]
[WhiteElo "2563"]
[BlackElo "2143"]
[PlyCount "67"]
[EventDate "2016.12.17"]
[EventType "swiss (rapid)"]
[EventRounds "10"]
[EventCountry "ENG"]
[SourceTitle "CBM 176 Extra"]
[Source "ChessBase"]
[SourceDate "2017.03.02"]
[SourceVersion "1"]
[SourceVersionDate "2017.03.02"]
[SourceQuality "1"]

1. e4 c5 2. Nf3 d6 3. d4 cxd4 4. Nxd4 Nf6 5. Nc3 a6 6. Be3 e6 7. g4 Nc6 8. g5 Nd7 9. h4 Be7 10. Qe2 Qa5 11. 0-0-0 Nc5 12. Kb1 Bd7 13. f4 b5 14. Nb3 Qc7 15. Nxc5 dxc5 16. e5 Nb4 17. Bg2 Bc6 18. Bxc6+ Qxc6 19. a3 Nd5 20. Nxd5 exd5 21. Qf3 0-0-0 22. f5 Kb7 23. f6 Bf8 24. c3 gxf6 25. exf6 h6 26. Rhe1 hxg5 27. Bxg5 Bh6 28. Re7+ Ka8 29. Rxf7 Bxg5 30. hxg5 Rhe8 31. Re7 Rxe7 32. fxe7 Qg6+ 33. Ka1 Rd7 34. Qf8+ 1-0

[Event "GBR-ch 103rd"]
[Site "Bournemouth"]
[Date "2016.07.27"]
[Round "3"]
[White "Coleman, David"]
[Black "Miller, Dominic"]
[Result "1/2-1/2"]
[WhiteElo "2181"]
[BlackElo "1783"]
[PlyCount "34"]
[EventDate "2016.07.25"]
[EventType "swiss"]
[EventRounds "11"]
[EventCountry "ENG"]
[SourceTitle "CBM 173 Extra"]
[Source "ChessBase"]
[SourceDate "2016.08.29"]
[SourceVersion "1"]
[SourceVersionDate "2016.08.29"]
[SourceQuality "1"]

1. e4 e6 2. d4 d5 3. Nc3 Bb4 4. e5 c5 5. a3 Bxc3+ 6. bxc3 Ne7 7. Qg4 cxd4 8. Bd3 Qa5 9. Ne2 0-0 10. Bg5 Ng6 11. f4 Nd7 12. 0-0 dxc3 13. Bxg6 fxg6 14. Qxe6+ Rf7 15. Qe8+ Rf8 16. Qe6+ Rf7 17. Qe8+ Rf8 1/2-1/2